[Event "SRI-ch U14"]
[Site "Nugegoda"]
[Date "2021.03.13"]
[Round "9"]
[White "Thennakoon, Disara"]
[Black "Bimansa, DG Jayandi"]
[Result "1-0"]
[WhiteElo "1308"]
[BlackElo "1083"]
[PlyCount "89"]
[EventDate "2021.03.09"]
[EventType "tourn"]
[EventRounds "11"]
[EventCountry "SRI"]
[SourceTitle "CBM 201 Extra"]
[Source "ChessBase"]
[SourceDate "2021.05.31"]
[SourceVersion "1"]
[SourceVersionDate "2021.05.31"]
[SourceQuality "1"]

1. d4 Nf6 2. Bf4 e6 3. Nf3 c5 4. c3 d5 5. e3 Bd6 6. Bg3 Nc6 7. Bd3 0-0 8. Nbd2 b6 9. Qc2 c4 10. Be2 Bb7 11. 0-0 Bxg3 12. hxg3 Re8 13. Rad1 Qc7 14. Rfe1 e5 15. dxe5 Nxe5 16. Nxe5 Qxe5 17. Nf3 Qe4 18. Qc1 b5 19. Nd4 a6 20. Bf3 Qe7 21. Qc2 Qd7 22. Ne2 Rad8 23. Nf4 Qc6 24. Rd4 Qc5 25. Red1 Re5 26. Qd2 g5 27. Ne2 h5 28. g4 hxg4 29. Bxg4 Ne4 30. Qc2 f5 31. Bf3 g4 32. Bxe4 fxe4 33. Nf4 Rd6 34. Qe2 Qc8 35. g3 Qf5 36. Kg2 Bc8 37. Rh1 Qf7 38. Rdd1 Bf5 39. Rh5 Qf6 40. Rdh1 Rd7 41. Qd1 Rh7 42. Rxh7 Bxh7 43. Qxg4+ Rg5 44. Qc8+ Kg7 45. Qd7+ 1-0

[Event "SRI-ch U14"]
[Site "Nugegoda"]
[Date "2021.03.10"]
[Round "2"]
[White "Thennakoon, Disara"]
[Black "Gunawardhana, Devindya Oshini"]
[Result "0-1"]
[WhiteElo "1308"]
[BlackElo "1308"]
[PlyCount "96"]
[EventDate "2021.03.09"]
[EventType "tourn"]
[EventRounds "11"]
[EventCountry "SRI"]
[SourceTitle "CBM 201 Extra"]
[Source "ChessBase"]
[SourceDate "2021.05.31"]
[SourceVersion "1"]
[SourceVersionDate "2021.05.31"]
[SourceQuality "1"]

1. d4 Nf6 2. Nf3 e6 3. Bf4 d5 4. e3 Bd6 5. Bg3 0-0 6. Bd3 c5 7. c3 Qc7 8. Ne5 Nc6 9. f4 cxd4 10. exd4 g6 11. Nd2 Nh5 12. Qf3 f6 13. Nxc6 bxc6 14. 0-0 e5 15. fxe5 fxe5 16. Qe3 Nxg3 17. Rxf8+ Bxf8 18. Qxg3 Bh6 19. Nb3 Bf4 20. Qh4 Rb8 21. Rf1 a5 22. Qf2 Be6 23. Nc5 Qc8 24. dxe5 Bg5 25. Qg3 Be7 26. Nxe6 Qxe6 27. Bf5 Qf7 28. e6 Qe8 29. Bd3 Rxb2 30. Qe5 Rxa2 31. h3 Rb2 32. Rf7 Bf8 33. Qf6 Ra2 34. Bxg6 Bc5+ 35. Kh1 Ra1+ 36. Kh2 Qb8+ 37. Qf4 Qxf4+ 38. Rxf4 Bd6 39. Bf7+ Kf8 40. Kg3 Bxf4+ 41. Kxf4 a4 42. Ke5 Ke7 43. g4 a3 44. h4 a2 45. g5 Re1+ 46. Kf5 a1Q 47. Kg4 Qd1+ 48. Kg3 Re3+ 0-1

[Event "Wch U08"]
[Site "Batumi"]
[Date "2016.10.22"]
[Round "4"]
[White "Sepiashvili, Ivan"]
[Black "Thennakoon, Disara"]
[Result "1-0"]
[WhiteElo "1430"]
[BlackElo "1097"]
[PlyCount "39"]
[EventDate "2016.10.19"]
[EventType "swiss"]
[EventRounds "11"]
[EventCountry "GEO"]
[SourceTitle "CBM 175 Extra"]
[Source "ChessBase"]
[SourceDate "2016.12.12"]
[SourceVersion "1"]
[SourceVersionDate "2016.12.12"]
[SourceQuality "1"]

1. e4 d5 2. exd5 Qxd5 3. Nc3 Qa5 4. d4 Nf6 5. Nf3 c6 6. Bc4 Bg4 7. h3 Bf5 8. Bd2 Qc7 9. g4 Be4 10. Bxf7+ Kxf7 11. Ng5+ Ke8 12. Ncxe4 Nxe4 13. Nxe4 Nd7 14. Qe2 g6 15. Ng5 Nf6 16. Ne6 Qd7 17. 0-0-0 Kf7 18. Rhe1 Re8 19. g5 Nd5 20. Qe5 1-0